000 00924nas a2200289 4500
001 BR7800899
003 BR-BrBNA
005 20231205083333.0
007 ta
008 230509b bl.|||p| |||| 00| 00por d
040 _aBR-BrBNA
_bpor
_cBiblioteca Nacional de Agricultura
041 _a(En)
072 _aL70; L40
100 1 _aTucci Junior, S.
100 1 _aMacedo, A.R. de
100 1 _aHossne, W.S.
245 1 _aSurgical anatomy of hepatic veins: morphologic and angiographic study in the dog [veterinaria, autopsia, anatomia animal, cao, Canis familiaris]
650 _aVETERINARIA
650 _aANATOMIA ANIMAL
650 _aCAO
650 _aCIRURGIA
650 _aAUTOPSIA
650 _aVEIA
773 0 _tRevista Brasileira de Pesquisas Medicas e Biologicas (Brazil)
_xISSN 0034-7310
_g(Jun 1977), v. 10(3) p. 199-205
_wBR7800899
909 _a202311
_bLúcia
_c55
_dLúcia Elande
942 _2AGRIS
_n0
_cANA
999 _c98079
_d98079